MOS and special-purpose bipolar integrated circuits and R-F power transistor circuit design / (Record no. 182379)

000 -LEADER
fixed length control field 00880 a2200229 4500
003 - CONTROL NUMBER IDENTIFIER
control field Nust
005 - DATE AND TIME OF LATEST TRANSACTION
control field 20221202124117.0
010 ## - LIBRARY OF CONGRESS CONTROL NUMBER
LC control number 76041175
020 ## - INTERNATIONAL STANDARD BOOK NUMBER
International Standard Book Number 0070637512 :
040 ## - CATALOGING SOURCE
Transcribing agency Nust
082 00 - DEWEY DECIMAL CLASSIFICATION NUMBER
Classification number 621.38153,MOS
245 00 - TITLE STATEMENT
Title MOS and special-purpose bipolar integrated circuits and R-F power transistor circuit design /
Statement of responsibility, etc. edited by Bryan Norris.
260 ## - PUBLICATION, DISTRIBUTION, ETC.
Place of publication, distribution, etc. New York :
Name of publisher, distributor, etc. McGraw Hill,
Date of publication, distribution, etc. c1976.
300 ## - PHYSICAL DESCRIPTION
Extent 228 p. :
Other physical details ill. ;
Dimensions 26 cm.
490 0# - SERIES STATEMENT
Series statement Texas Instruments electronics series
505 ## - FORMATTED CONTENTS NOTE
Formatted contents note MOS Integrated Circuits (Page-1), Special Purpose Dipolar Integrated Circuits (Page-72), Field Effect Transistors (Page-133), Radio Frequency Power Applications (Page-191).
650 #0 - SUBJECT ADDED ENTRY--TOPICAL TERM
Topical term or geographic name entry element Field-effect transistors.
9 (RLIN) 96955
650 #0 - SUBJECT ADDED ENTRY--TOPICAL TERM
Topical term or geographic name entry element Metal oxide semiconductors.
9 (RLIN) 103791
650 #0 - SUBJECT ADDED ENTRY--TOPICAL TERM
Topical term or geographic name entry element Telecommunication Engineering
700 1# - ADDED ENTRY--PERSONAL NAME
Personal name Norris, Bryan.
942 ## - ADDED ENTRY ELEMENTS (KOHA)
Source of classification or shelving scheme
Koha item type Book
Holdings
Withdrawn status Lost status Source of classification or shelving scheme Damaged status Not for loan Permanent Location Current Location Shelving location Date acquired Full call number Barcode Date last seen Price effective from Koha item type Public note
          Military College of Signals (MCS) Military College of Signals (MCS) General Stacks 12/12/2016 621.38153,MOS MCS20881 12/08/2016 12/12/2016 Book Almirah No.33, Shelf No.2
© 2023 Central Library, National University of Sciences and Technology. All Rights Reserved.